Quiz sulla Finlandia - Statistics

Statistiche generali
  • Questo quiz è stato fatto 2.379 volte
  • Il punteggio medio è 12 su 24
Statistiche sulle risposte
Domanda Risposta % Corretto
Stati confinanti Russia
98%
Stati confinanti Svezia
98%
Stati confinanti Norvegia
97%
Capitale Helsinki
95%
Valuta Euro
85%
Caratteristico bagno a vapore Sauna
79%
I golfi sopracitati fanno parte di questo mare Mar Baltico
74%
Personaggio immaginario che secondo alcune tradizioni dovrebbe vivere in questa regione Babbo Natale
72%
Regione settentrionale condivisa da 4 paesi Lapponia
68%
Lo sport più popolare Hockey su ghiaccio
59%
Azienda di telefonia mobile Nokia
49%
Finlandia in finlandese Suomi
42%
Golfi che bagnano la Finlandia Golfo di {Finlandia}
37%
Guerra combattuta contro l'URSS nel 1940 Guerra d'{Inverno}
30%
Il 73% dei finlandesi appartiene a questa chiesa (ma solo il 2% frequenta settimanalmente) Luterana
30%
Sistema operativo creato da Linus Torvalds Linux
29%
Golfi che bagnano la Finlandia Golfo di {Botnia}
23%
Principale gruppo etnico che vive nella regione sopracitata Sami
23%
La più grande città dell'entroterra Tampere
22%
Valuta precedente Markka
19%
Uno spitz finnico è un tipo di ... Cane
15%
Compose il poema sinfonico "Finlandia" Jean Sibelius
9%
Mezzofondista e siepista, vincitore di nove medaglie d'oro olimpiche e tre d'argento Paavo Nurmi
7%
Il più grande lago d'acqua dolce Saimaa
7%
Nessun quiz corrispondente trovato
Distribuzione punteggi
Percentuale di utenti per punteggio
Percentile per numero di risposta
I tuoi punteggi nel tempo
Non hai fatto questo quiz